=LDR 00000nam 2200000 4500 =001 INLIS000000000020389 =005 20130612115337 =008 ***********************************Ind** =035 ##$$0010-061300000020389 =041 ##$$a Ind =082 ##$$a R.621.380 26 =090 ##$$a R.621.380 26, Mak h =100 ##$$a Makarim, Edmon =245 ##$$a Himpunan peraturan perundang-undangan telematika, oleh Edmon Makarim, S.Kom, SH =260 ##$$a 2005 $b Jakarta =300 ##$$a x, 643 hlm. ; 21 cm =650 ##$$a Telematika-Undang-Undang dan peraturan =850 ##$$a NBPNMAT